| 000 | 01412nam a22003371a 4500 | ||
|---|---|---|---|
| 999 |
_c2893 _d2893 |
||
| 001 | 017856818 | ||
| 003 | UkOxU | ||
| 005 | 20230911085646.0 | ||
| 008 | 100930s2011 enk 000 f eng|d | ||
| 015 |
_aGBB0B8822 _2bnb |
||
| 016 | 7 |
_a015663461 _2Uk |
|
| 020 | _a9780007420087 (pbk.) | ||
| 020 | _a0007420080 (pbk.) | ||
| 035 | _a(Uk)015663461 | ||
| 040 |
_aStDuBDS _beng _cStDuBDS _dUk _dKH8 |
||
| 042 | _aukblsr | ||
| 082 | 0 | 4 |
_a823.8 STO _222 |
| 100 | 1 |
_aStoker, Bram, _d1847-1912, _eauthor. |
|
| 245 | 1 | 0 |
_aDracula / _cBram Stoker. |
| 260 |
_aLondon : _bHarperPress, _c2011. |
||
| 300 |
_a1 v. ; _c18 cm. |
||
| 336 |
_atext _2rdacontent |
||
| 337 |
_aunmediated _2rdamedia |
||
| 338 |
_avolume _2rdacarrier |
||
| 500 |
_aFormerly CIP. _5Uk |
||
| 520 | _aJonathan Harker is travelling to Castle Dracula to see the Transylvanian noble, Count Dracula. He is begged by locals not to go there, because on the eve of St. George's Day, when the clock strikes midnight, all the evil things in the world will come full sway. But business must be done, so Jonathan makes his way to the Castle - and then his nightmare begins. His beloved wife Meena and other lost souls have fallen under the Count's horrifying spell. Dracula must be destroyed. | ||
| 650 | 0 |
_aDracula, Count (Fictitious character) _vFiction. |
|
| 650 | 0 |
_aVampires _vFiction. |
|
| 655 | 0 | _aGothic fiction (Literary genre) | |
| 942 |
_2ddc _cTR |
||